Estadísticas para Geografía por Letra - V

Haz click aquí para tomar la prueba!

Estadísticas generales

  • Esta prueba ha sido tomada 625 veces
  • La puntuación promedio es 15 de 20

Estadísticas de respuestas

PistaRespuesta% Correcto
País en SudaméricaVenezuela
99%
Capital de PoloniaVarsovia
94%
Hanói es su capitalVietnam
93%
Ciudad donde podrías encontrar una góndolaVenecia
92%
Ciudad de Freud y MozartViena
90%
Región y ciudad del este de EspañaValencia
88%
País insular en el Océano PacificoVanuatu
84%
Palacio de Luis XIVVersalles
83%
El mayor fabricante de automóviles de AlemaniaVolkswagen
83%
Estado donde nacieron 8 presidentes de EE.UU.Virginia
82%
Lago más grande en ÁfricaVictoria
81%
El volcán que destruyó PompeyaVesubio
80%
Capital de LituaniaVilna
80%
El río más largo de EuropaVolga
72%
Marca de la moto de ItaliaVespa
68%
Capital de LaosVientián
59%
La ciudad más grande de la Columbia BritánicaVancouver
56%
El ruido del fútbol sudafricanoVuvuzela
51%
La mayor ciudad rusa en el Océano PacíficoVladivostok
41%
El extracto de levadura difundido que es popular en AustraliaVegemite
19%

Distribución de puntuación

Porcentaje por número respondido

Porcentaje de gente con cada puntuación

Historial de tus puntuaciones

No has tomado esta prueba